The ROV Manual. A User Guide for Remotely Operated Vehicles.
Gespeichert in:
| Hauptverfasser: | , |
|---|---|
| Format: | Unbekannt |
| Veröffentlicht: |
Amsterdam, The Netherlands:
Elsevier; Butterworth-Heinemann,
2014.
|
| Ausgabe: | Second edition. |
| Schlagworte: | |
| Tags: |
Tag hinzufügen
Keine Tags, Fügen Sie den ersten Tag hinzu!
|
MARC
| LEADER | 00000 a2200000 4500 | ||
|---|---|---|---|
| 003 | CL-VaPUC | ||
| 005 | 20220908103150.0 | ||
| 008 | 220817t2014 ||||| |||| 00| 0 eng d | ||
| 999 | |c 436218 |d 436216 | ||
| 020 | |a 9780081013045 | ||
| 040 | |c Pontificia Universidad Católica de Valparaíso | ||
| 082 | 7 | |a 629.893 CHR 2014 |2 22 | |
| 100 | |a Christ, Robert D. |9 871162 |e author | ||
| 245 | |a The ROV Manual. |b A User Guide for Remotely Operated Vehicles. | ||
| 250 | |a Second edition. | ||
| 260 | |a Amsterdam, The Netherlands: |b Elsevier; |b Butterworth-Heinemann, |c 2014. | ||
| 300 | |a 679 páginas. | ||
| 583 | |k Cristina María Rojas Aguilar |c 20220817 | ||
| 650 | |a Robots submarinos |x Manuales |9 875603 | ||
| 650 | |a Sumergibles remotos |x Manuales |9 875604 | ||
| 700 | |a Wernli, Robert L., Sir |e author |9 875605 | ||
| 942 | |2 ddc |c BK | ||
| 952 | |0 0 |1 0 |2 ddc |4 0 |6 629_893000000000000_CHR_2014 |7 0 |8 A |9 586215 |a BIBCUR |b BIBCUR |c GEN |d 2022-08-12 |e 1 |g 135221.00 |i 5654170 |o 629.893 CHR 2014 |p 5654170 |r 2025-04-22 |t 1 |v 135221.00 |w 2022-08-12 |y BK |k CIM | ||